LDR 00898naa#a2200181#i#450# 001 RU\\bibl\120259 005 20260416203904.4 011 ## _a1819-4036 100 ## _a20210331b2021####ek#y0rusy0150####ca 102 ## _aRU 200 1# _aВЛИЯНИЕ УРОВНЯ МИНЕРАЛЬНОГО ПИТАНИЯ НА ЭЛЕМЕНТЫ СТРУКТУРЫ УРОЖАЯ ЯРОВОЙ ПШЕНИЦЫ В ЛЕСОСТЕПНОЙ ЗОНЕ ЗАУРАЛЬЯ _eЖурнальная статья 210 1# _aКрасноярск _cКрасноярский государственный аграрный университет _d2021 215 ## _a6 с. 608 ## _aЖурнальная статья _2local 675 ## _aОбщие вопросы сельского хозяйства. 631 _z 700 #1 _aДемина _gОксана Николаевна 700 #1 _aЕремина _gДиана Васильевна 856 4# _avestnik.kgau.ru _u